000 01270nam a2200277 a 4500
001 000035649
005 20240409073643.0
008 090904t2010 dr r 000 e spa d
040 _aDO-SdBNP
_bspa
_cBNPHU
082 _a972.9375
_bV443t, 2010
100 1 _aVeloz Maggiolo, Marcio,
_d1936-2021
_91104
245 1 0 _aTrujillo, Villa Francisca y otros fantasmas /
_cMarcio Veloz Maggiolo ; presentación Daniel Toribio.
250 _a2a. ed.
260 _aSanto Domingo :
_bBanco de Reservas de la República Dominicana,
_c2010.
300 _a409 p. ;
_c24 cm.
490 1 _aBanreservas.
_aArte y Cultura segunda época
_v1
500 _aIncluye datos biográficos del autor en la solapa
586 _aPremio nacional Feria del Libro E. León Jimenes(1996)
590 _aInventariado, 2018/BT
650 4 _aCiudades y pueblos
_xHistoria
_zRepública Dominicana
_912424
651 4 _aVilla Francisca, Santo Domingo (República Dominicana{Rpara}
_xVida Social Y Costumbres
_919693
651 4 _aSanto Domingo (República Dominicana{Rpara}
_xVida Social Y Costumbres
_91895
651 4 _aSanto Domingo (República Dominicana{Rpara}
_xHistoria Local
_91894
830 0 _aBanreservas.
_pArte y cultura segunda época
_n1
_961565
910 _aValidado. Control de calidad.| MFF
999 _c35140
_d35140